Pokémon - Champions d'Arène - Pierrick (DE/PS) - Statistiques

Statistiques générales
  • Ce quiz a été pris 15 fois
  • Le résultat moyen est 143 sur 214
Statistiques - réponses
Hint Réponse % Correct
Niv 12
100%
Type Eau
100%
Onix
100%
Type Psy
100%
Racaillou
100%
Type Roche
100%
Type Sol
100%
Type Ténèbres
100%
Type Vol
100%
Type Dragon
92%
Talent Fermeté
92%
Type Feu
92%
Type Insecte
92%
Kranidos
92%
Ptéra
92%
Niv 14
83%
Type Acier
83%
Ville Charbourg
83%
Drattak
83%
CT | Capacités Piège de Roc
83%
Capacités Psyko
83%
Séléroc
83%
Capacités Tomberoche
83%
Armaldo
75%
Objet Baie Sitrus
75%
Capacités Éboulement
75%
Flagadoss
75%
Capacités Jet-Pierres
75%
Capacités Mâchouille
75%
Talent Sable Volant
75%
Capacités Séisme
75%
Tarinorme
75%
Talent Tête de Roc
75%
Tyranocif
75%
Niv 64
67%
Niv 68
67%
Niv 70
67%
Niv 72
67%
Talent Brise Moule
67%
Badge | Objet Charbon
67%
Capacités Lame de Roc
67%
Capacités Poing Glace
67%
Relicanth
67%
Capacités Roulade
67%
Niv 66
58%
Capacités Casse-Brique
58%
Charkos
58%
Capacités Danse Draco
58%
Capacités Fracass'Tête
58%
Talent Intimidation
58%
Capacités Lance-Flammes
58%
Capacités Laser Glace
58%
Talent Lévitation
58%
Capacités Luminocanon
58%
Objet Mouchoir Choix
58%
Capacités Poing Feu
58%
Capacités Psykoud'Boul
58%
Capacités Abri
50%
Capacités Aéropique
50%
Objet Bandeau Choix
50%
Capacités Boul'Armure
50%
Capacités Colère
50%
Capacités Coup d'Boule
50%
Capacités Coup d'Jus
50%
Capacités Crocs Givre
50%
Capacités Ébullition
50%
Capacités Groz'Yeux
50%
Capacités Nœud Herbe
50%
Objet Orbe Vie
50%
Capacités Plaie Croix
50%
Capacités Tête de Fer
50%
Capacités Atterrissage
42%
Objet Ceinture Force
42%
Chartor
42%
Capacités Étreinte
42%
Capacités Lance-Soleil
42%
Capacités Rayon Gemme
42%
Talent Régé-Force
42%
Capacités Telluriforce
42%
Capacités Balayage
33%
Capacités Big Splash
33%
Capacités Cage Éclair
33%
Capacités Distorsion
33%
Capacités Paresse
33%
Capacités Piétisol
33%
Capacités Queue de Fer
33%
Talent Sécheresse
33%
Objet Baie Prine
25%
Capacités Éruption
25%
Capacités Hurlement
25%
Objet Lentilscope
25%
Capacités Marto-Poing
25%
Objet Restes
25%
Objet Roche Lisse
25%
Capacités Saumure
25%
Objet Baie Pomroz
17%
Objet Bandeau Muscle
17%
Talent Force Sable
17%
Talent Glissade
17%
Talent Sans Limite
17%
Talent Tension
17%
Aucun quiz correspondant
Distribution des résultats
% des personnes avec chaque résultat
Percentile par nombre de réponses
Votre historique - résultats
Vous n’avez pas pris ce quiz